[Event "Durban USSA op"]
[Site "Durban"]
[Date "2023.12.05"]
[Round "3"]
[White "Msimango, Senzo"]
[Black "Hansen, Marcques"]
[Result "1-0"]
[WhiteElo "1536"]
[BlackElo "1685"]
[PlyCount "79"]
[EventDate "2023.12.04"]
[EventType "swiss"]
[EventRounds "9"]
[EventCountry "RSA"]
[SourceTitle "CBM 217 Extra"]
[Source "ChessBase"]
[SourceDate "2024.01.31"]
[SourceVersion "1"]
[SourceVersionDate "2024.01.31"]
[SourceQuality "1"]

1. e4 c5 2. Nc3 Nc6 3. f4 e6 4. Nf3 g6 5. Bb5 Bg7 6. Bxc6 dxc6 7. d3 Ne7 8. 0-0 0-0 9. Qe1 f5 10. Qh4 h6 11. Be3 b6 12. Kh1 Bd7 13. Rg1 Nc8 14. Qg3 Be8 15. Qh3 Qe7 16. Rae1 fxe4 17. Nxe4 Nd6 18. Nxd6 Qxd6 19. Bc1 Rf5 20. Re4 Bf7 21. Ne5 Bxe5 22. fxe5 Qe7 23. Qe3 Rg5 24. g4 Rd8 25. h4 Rxe5 26. Rxe5 Qxh4+ 27. Kg2 Rd4 28. Re4 e5 29. Qg3 Qd8 30. Rxd4 Qxd4 31. Re1 Bd5+ 32. Kh3 e4 33. Qe3 Qf6 34. dxe4 Be6 35. Qf4 Qe7 36. Qxh6 Qf6 37. Qf4 Qh8+ 38. Kg3 Qd4 39. Rf1 Qd8 40. Qe5 1-0

[Event "Durban CC-ch B"]
[Site "Durban"]
[Date "2019.05.09"]
[Round "8.5"]
[White "Zuma, Mbusiswa"]
[Black "Msimango, Senzo"]
[Result "0-1"]
[WhiteElo "1720"]
[BlackElo "1393"]
[PlyCount "72"]
[EventDate "2019.03.14"]
[EventType "tourn"]
[EventRounds "9"]
[EventCountry "RSA"]
[SourceTitle "EXT 2024"]
[Source "ChessBase"]
[SourceDate "2023.10.10"]
[SourceVersion "1"]
[SourceVersionDate "2023.10.10"]
[SourceQuality "1"]

1. e4 e6 2. e5 d5 3. d4 c5 4. c3 Qb6 5. Nf3 Bd7 6. Be2 Bb5 7. 0-0 Bxe2 8. Qxe2 Nc6 9. Be3 cxd4 10. cxd4 Nge7 11. g4 Ng6 12. a3 Be7 13. b4 0-0 14. g5 f6 15. gxf6 gxf6 16. b5 Na5 17. Nc3 Nc4 18. Bh6 Rf7 19. exf6 Bxf6 20. Na4 Qxb5 21. Qd1 Bg7 22. Rb1 Qe8 23. Bc1 Rxf3 24. Qxf3 Qxa4 25. Qg4 Qd7 26. h4 Ne7 27. h5 Kh8 28. h6 Bxh6 29. Kh1 Bxc1 30. Rfxc1 Rg8 31. Qh4 Rg6 32. Qf4 Nf5 33. Qb8+ Rg8 34. Qxb7 Qe8 35. Qc7 Qh5+ 36. Qh2 Qf3+ 0-1

[Event "Durban CC-ch B"]
[Site "Durban"]
[Date "2019.03.28"]
[Round "3.4"]
[White "Msimango, Senzo"]
[Black "Govender, Kaedan"]
[Result "1-0"]
[WhiteElo "1393"]
[BlackElo "1393"]
[PlyCount "51"]
[EventDate "2019.03.14"]
[EventType "tourn"]
[EventRounds "9"]
[EventCountry "RSA"]
[SourceTitle "EXT 2024"]
[Source "ChessBase"]
[SourceDate "2023.10.10"]
[SourceVersion "1"]
[SourceVersionDate "2023.10.10"]
[SourceQuality "1"]

1. e4 c5 2. Nc3 g6 3. f4 e6 4. Nf3 Ne7 5. Bc4 Bg7 6. 0-0 0-0 7. d3 Nbc6 8. Qe1 Re8 9. f5 exf5 10. Qh4 Rf8 11. Bh6 Nd4 12. Ng5 d6 13. Bxg7 Kxg7 14. Qxh7+ Kf6 15. Nxf7 Qd7 16. g4 g5 17. Qh6+ Ng6 18. Qxg5+ Kg7 19. Qh6+ Kf6 20. g5+ Ke7 21. Qxg6 b6 22. Nd5+ Ke8 23. Nf6+ Ke7 24. Nxd7 Bxd7 25. Qf6+ Ke8 26. Nxd6# 1-0

[Event "Durban CC-ch B"]
[Site "Durban"]
[Date "2019.03.21"]
[Round "2.2"]
[White "Khan, John M"]
[Black "Msimango, Senzo"]
[Result "0-1"]
[WhiteElo "1319"]
[BlackElo "1393"]
[PlyCount "74"]
[EventDate "2019.03.14"]
[EventType "tourn"]
[EventRounds "9"]
[EventCountry "RSA"]
[SourceTitle "EXT 2024"]
[Source "ChessBase"]
[SourceDate "2023.10.10"]
[SourceVersion "1"]
[SourceVersionDate "2023.10.10"]
[SourceQuality "1"]

1. d4 Nf6 2. Bf4 g6 3. Nc3 Bg7 4. e4 d6 5. Nf3 0-0 6. Be2 Nbd7 7. Qd2 Re8 8. Bh6 Bh8 9. 0-0-0 Ng4 10. Bc4 Nxh6 11. Qxh6 Bg7 12. Qh4 Bf6 13. Qh6 e6 14. h4 Bg7 15. Qf4 Qf6 16. Qh2 a5 17. Nb5 Qd8 18. Qf4 Nb6 19. Bd3 Bd7 20. Nc3 e5 21. dxe5 dxe5 22. Qg3 Qe7 23. Kb1 a4 24. h5 a3 25. hxg6 fxg6 26. Qh4 Qb4 27. b3 Qxc3 28. Kc1 h5 29. Qg5 Kh7 30. Nh4 Bh6 31. Qxh6+ Kxh6 32. Nf3 Bg4 33. Be2 Qb2+ 34. Kd2 Red8+ 35. Bd3 Bxf3 36. gxf3 Rxd3+ 37. Kxd3 Rd8+ 0-1